| 000 | 01508cab a2200217 4500 | ||
|---|---|---|---|
| 001 | ##L133431 | ||
| 008 | 110801e2006 000 0 eng u | ||
| 035 | _a(Sirsi) u133431 | ||
| 041 | 0 | _aeng | |
| 100 | 1 | _aMurdoch, Sandi | |
| 245 | 0 | 0 | _aDemolition prospects |
| 260 | _c2006 | ||
| 490 | 0 |
_aEstates Gazette _v(0615) 15 April 2006, 133(1) |
|
| 520 | _aDiscusses the recent CA judgment "Wessex Reserve Forces and Cadets Association v White" ([2005] EWCA Civ 1744, unreported) where the court had to consider novel issues in respect of the Landlord and Tenant Act 1954 Part II. It had to decide whether landlords could successfully oppose an application for a statutory renewal under Part II of the 1954 Act where they intended to demolish structures that amounted mostly to tenant's fixtures. Key points of the case were that tenant's fixtures are part of a holding for the purpose of para f of S30(1) and that a landlord cannot prove any intention to demolish by relying on the prospect of the tenant removing its own fixtures at the end of the tenancy. | ||
| 650 | 2 | 4 | _aWESSEX RESERVE FORCES AND CADETS ASSOCIATION V WHITE AND ANOTHER |
| 650 | 2 | 4 | _aLANDLORD AND TENANT ACT 1954 S30(1)(F) |
| 650 | 2 | 4 | _aLANDLORD AND TENANT ACT 1954 PART II |
| 690 | _aPROPERTY-COMMERCIAL PROPERTY-LEASEHOLD COMMERCIAL PROPERTY-COMMERCIAL LANDLORD AND TENANT-BUSINESS TENANCIES | ||
| 856 | 4 | 0 |
_uhttps://www.bailii.org/ew/cases/EWCA/Civ/2005/1744.html _zView the judgment free of charge at www.bailii.org |
| 942 | _n0 | ||
| 999 |
_c77002 _d77002 |
||